• 首页
  • 本馆介绍
  • 公告通知
  • 最新文献
  • 馆藏检索
  • 电子资源
  • 读者导购
  • 参考咨询
  • 我的图书馆
  • 登录
  • 详细信息显示
  • 放入我的书架
  • 预约/预借图书
  • 作者相关作品
  • 分类相关作品
  • 丛书相关作品
  • 出版社相关作品

书目信息

  • 表格格式
  • 工作单格式
  • 卡片格式
题名:
增塑剂最新应用实例
    
 
作者: 石万聪 主编
分册: 一  
出版信息: 北京   化学工业出版社  2012.09
页数: 381页
开本: 24cm
丛书名:
单 册:
中图分类: TQ414
科图分类:
主题词: 增塑剂--应用 , 增塑剂
电子资源:
ISBN: 978-7-122-14126-2
000 00781nam0 2200241 450
001 010700138493
005 20140612103753.42
010    @a978-7-122-14126-2@dCNY78.00
100    @a20120918d2012 em y0chiy50 ea
101 0  @achi
102    @aCN@b110000
105    @aak z 000yy
106    @ar
200 1  @a增塑剂最新应用实例@9zeng su ji zui xin ying yong shi li@h一@f石万聪主编
210    @a北京@c化学工业出版社@d2012.09
215    @a381页@c图@d24cm
330    @a本书主要介绍了增塑剂在涂料、胶黏剂、密封剂、弹性体、降解材料、阻燃剂、泡沫塑料与薄膜、医疗用品、食品包装与儿童用品中的应用实例。
606 0  @a增塑剂@x应用
606 0  @a增塑剂
690    @aTQ414@v5
701  0 @a石万聪@9shi wan cong@4主编
801  0 @aCN@bRENTIAN@c20120918
905    @b847146-48@dTQ414@e6@f3
    
    增塑剂最新应用实例.一/石万聪主编.-北京:化学工业出版社,2012.09
    381页:图;24cm
    
    
    ISBN 978-7-122-14126-2:CNY78.00
    本书主要介绍了增塑剂在涂料、胶黏剂、密封剂、弹性体、降解材料、阻燃剂、泡沫塑料与薄膜、医疗用品、食品包装与儿童用品中的应用实例。
●
相关链接 在E读中查询图书 在五车中查询图书 在当当中查询图书 在豆瓣中查询图书


正题名:增塑剂最新应用实例     索取号:TQ414/6         预约/预借

序号 登录号 条形码 馆藏地/架位号 状态 备注
1 847146   208471465   第二样本阅览室/ [索取号:TQ414/6] 在馆    
2 847147   208471474   第三借阅区/ [索取号:TQ414/6] 在馆    
3 847148   208471483   密集书库-化学系/ [索取号:TQ414/6] 在馆    
唐山师范学院图书馆 欢迎您!
大连网信软件有限公司© 版权所有